[Event "Gibraltar Challengers B 2020"]
[Site "Caleta"]
[Date "2020.01.26"]
[Round "2.4"]
[White "Gonzalez Gonzalez, Alfonso"]
[Black "Levay, Sorin"]
[Result "0-1"]
[WhiteElo "2100"]
[BlackElo "2192"]
[Annotator "NA"]
[PlyCount "186"]
[EventDate "2020.01.20"]
[EventType "swiss"]
[EventCountry "GGB"]
[SourceTitle "playchess.com"]
[Source "ChessBase"]
[SourceQuality "1"]
[TimeControl "6600+10"]

1. e4 {[%emt 0:00:00]} c6 {[%emt 0:09:02]} 2. Nc3 {[%emt 0:02:51]} d5 {[%emt 0:00:11]} 3. Nf3 {[%emt 0:00:04]} dxe4 {[%emt 0:00:05]} 4. Nxe4 {[%emt 0:00:12]} Nf6 {[%emt 0:00:06]} 5. Nxf6+ {[%emt 0:00:55]} gxf6 {[%emt 0:00:07]} 6. d4 {[%emt 0:00:36]} Bg4 {[%emt 0:00:08]} 7. Bc4 {[%emt 0:04:54]} e6 {[%emt 0:00:15] B16: Caro-Kann: Bronstein-Larsen Variation} 8. Be3 {[%emt 0:00:24]} Nd7 {[%emt 0:00:11]} 9. Qe2 {[%emt 0:03:02]} Nb6 {[%emt 0:01:20]} 10. Bb3 {[%emt 0:00:08]} Qc7 $146 {[%emt 0:00:47]} ({Predecessor:} 10... Nd5 11. h3 Bh5 12. g4 Bg6 13. Nd2 Qc7 14. O-O-O Bd6 15. Kb1 {½-½ (73) Hardarson,R (2295)-Solmundarson,M (2270) Reykjavik 1988}) 11. h3 {[%emt 0:02:04]} Bh5 {[%emt 0:01:51]} 12. g4 {[%emt 0:00:31]} Bg6 {[%emt 0:00:08]} 13. Nh4 {[%emt 0:00:21]} O-O-O {[%emt 0:00:48]} 14. Nxg6 {[%emt 0:00:29]} hxg6 {[%emt 0:00:08]} 15. O-O-O {[%emt 0:00:17]} Bh6 {[%emt 0:01:12]} 16. h4 {[%emt 0:05:40]} f5 {[%emt 0:02:40]} 17. Kb1 {[%emt 0:02:55]} fxg4 {[%emt 0:00:54]} 18. Qxg4 {[%emt 0:00:35]} Nd5 {[%emt 0:00:43]} 19. h5 {[%emt 0:05:34]} Bxe3 {[%emt 0:02:24]} 20. Bxd5 {[%emt 0:00:05]} Rxd5 {[%emt 0:02:40]} 21. hxg6 {[%emt 0:01:43]} Rxh1 {[%emt 0:00:26]} 22. Rxh1 {[%emt 0:00:33]} Bxd4 {[%emt 0:00:27]} 23. g7 {[%emt 0:04:49]} Bxg7 {[%emt 0:00:10]} 24. Qxg7 {[%emt 0:00:04]} Qd7 {[%emt 0:00:32]} 25. b3 {[%emt 0:08:12]} Rd1+ {[%emt 0:01:05]} 26. Rxd1 {[%emt 0:00:04]} Qxd1+ {[%emt 0:00:05]} 27. Kb2 {[%emt 0:00:03]} Qd7 {[%emt 0:00:08]} 28. Qh8+ {[%emt 0:02:00]} Qd8 {[%emt 0:01:05]} 29. Qg7 {[%emt 0:02:09]} Qe7 {[%emt 0:00:15]} 30. f4 {[%emt 0:00:09]} b6 {[%emt 0:00:24]} 31. a4 {[%emt 0:01:08]} Kd7 {[%emt 0:00:54]} 32. Qe5 {[%emt 0:00:57]} Kc8 {[%emt 0:01:40]} 33. a5 {[%emt 0:06:14]} bxa5 {[%emt 0:00:18]} 34. Qxa5 {[%emt 0:05:13]} Qf6+ {[%emt 0:00:29]} 35. Ka2 {[%emt 0:00:09]} Qxf4 {[%emt 0:00:15]} 36. Qa6+ {[%emt 0:01:35]} Kd7 {[%emt 0:00:23]} 37. Qxa7+ {[%emt 0:00:15]} Qc7 {[%emt 0:00:06]} 38. Qd4+ {[%emt 0:00:12]} Kc8 {[%emt 0:00:33]} 39. Qh8+ {[%emt 0:01:46]} Kb7 {[%emt 0:00:08]} 40. Qe8 {[%emt 0:00:28]} e5 {[%emt 0:00:26]} 41. Kb1 {[%emt 0:00:23]} f5 {[%emt 0:00:32]} 42. Qf8 {[%emt 0:02:56]} (42. Qe6 $17) 42... Qd7 {[%emt 0:00:26]} 43. Qb4+ {[%emt 0:00:25]} Kc7 {[%emt 0:01:34]} 44. Qa5+ $1 {[%emt 0:02:18]} Kd6 $11 {[%emt 0:00:06]} 45. Qd2+ {[%emt 0:00:22]} Ke7 {[%emt 0:01:10]} 46. Qg5+ {[%emt 0:00:10]} Kf7 {[%emt 0:01:57]} 47. Qh5+ {[%emt 0:00:30]} Ke6 {[%emt 0:00:31]} 48. Qh6+ {[%emt 0:00:19]} Ke7 {[%emt 0:00:42]} 49. Qg5+ {[%emt 0:00:37]} Kd6 $5 {[%emt 0:00:11]} 50. Qd2+ {[%emt 0:00:09]} Ke7 {[%emt 0:03:17]} 51. Qg5+ $1 {[%emt 0:00:06]} Kf7 $11 {[%emt 0:02:43]} 52. Qh5+ {[%emt 0:00:06]} Kg7 {[%emt 0:08:59]} 53. Qg5+ {[%emt 0:00:06]} Kf8 {[%emt 0:00:25]} 54. Qf6+ {[%emt 0:00:41]} Qf7 {[%emt 0:00:14]} 55. Qh8+ {[%emt 0:00:16]} Ke7 {[%emt 0:01:32]} 56. Qxe5+ {[%emt 0:00:06]} Qe6 {[%emt 0:00:05]} 57. Qg7+ {[%emt 0:01:16]} Kd6 {[%emt 0:00:11]} 58. Qf8+ {[%emt 0:01:10]} Kd5 {[%emt 0:00:52]} 59. Qd8+ {[%emt 0:01:32]} Qd6 {[%emt 0:00:22]} 60. Qg8+ {[%emt 0:00:52]} Ke5 {[%emt 0:00:26]} 61. Qh8+ {[%emt 0:00:29]} Qf6 {[%emt 0:00:11]} 62. Qb8+ {[%emt 0:00:49]} Ke4 {[%emt 0:00:29]} 63. Qb4+ {[%emt 0:00:29]} Qd4 {[%emt 0:01:21]} 64. Qe1+ {[%emt 0:02:08]} Qe3 {[%emt 0:00:13]} 65. Qb4+ {[%emt 0:00:43]} Kf3 {[%emt 0:00:26]} 66. Qh4 {[%emt 0:00:24]} Kg2 {[%emt 0:02:31]} 67. Qf6 {[%emt 0:03:54]} Qe4 {[%emt 0:02:03]} 68. Qg6+ {[%emt 0:01:25]} Kf1 {[%emt 0:00:53]} 69. Qh7 {[%emt 0:01:25]} Qf3 {[%emt 0:00:18]} 70. Qh2 {[%emt 0:03:34]} f4 {[%emt 0:00:37]} 71. Kb2 {[%emt 0:00:41]} c5 {[%emt 0:00:58]} 72. Qh6 {[%emt 0:03:29]} Ke1 {[%emt 0:01:11]} 73. Qh2 {[%emt 0:03:42]} Qg3 {[%emt 0:03:06]} 74. Qh1+ {[%emt 0:00:11]} Kf2 {[%emt 0:00:08]} 75. Qh5 {[%emt 0:01:02]} Qg7+ {[%emt 0:05:49]} 76. Kb1 {[%emt 0:01:28]} Qd4 {[%emt 0:01:34]} 77. Qh4+ {[%emt 0:01:14]} Ke2 {[%emt 0:00:19]} 78. Qh2+ {[%emt 0:00:20]} Qf2 {[%emt 0:00:08]} 79. Qh5+ {[%emt 0:00:09]} f3 {[%emt 0:00:13]} 80. Qe8+ {[%emt 0:03:15]} Kd2 {[%emt 0:00:36]} 81. Qd8+ {[%emt 0:00:23]} Qd4 {[%emt 0:00:30]} 82. Qa5+ {[%emt 0:00:22]} Kd1 {[%emt 0:02:59]} 83. Qb5 {[%emt 0:00:52]} Ke1 {[%emt 0:02:00]} 84. Qe8+ {[%emt 0:00:21]} Kd2 {[%emt 0:00:09]} 85. Qb5 {[%emt 0:02:47]} c4 {[%emt 0:01:51]} 86. Qg5+ {[%emt 0:00:12]} Ke2 {[%emt 0:00:41]} 87. Qh5 {[%emt 0:01:00]} c3 {[%emt 0:00:27]} 88. Ka2 {[%emt 0:00:24]} Qa7+ {[%emt 0:00:55]} 89. Kb1 {[%emt 0:00:04]} Qe3 {[%emt 0:00:15]} 90. b4 {[%emt 0:00:30]} Qe4 {[%emt 0:00:57]} 91. Qb5+ {[%emt 0:00:14]} Kd2 {[%emt 0:00:21]} 92. Qd7+ {[%emt 0:00:02]} Ke1 {[%emt 0:00:12]} 93. Qb5 {[%emt 0:00:31]} f2 {[%emt 0:00:10]} 0-1

[Event "Gibraltar Challengers B 2020"]
[Site "Caleta"]
[Date "2020.01.26"]
[Round "2.5"]
[White "Prieto Martin, Alfonso"]
[Black "Schouten, Freek"]
[Result "1-0"]
[WhiteElo "2181"]
[BlackElo "2084"]
[Annotator "NA"]
[PlyCount "127"]
[EventDate "2020.01.20"]
[EventType "swiss"]
[EventCountry "GGB"]
[SourceTitle "playchess.com"]
[Source "ChessBase"]
[SourceQuality "1"]
[TimeControl "6600+10"]

1. e4 {[%emt 0:10:46]} g6 {[%emt 0:00:00]} 2. d4 {[%emt 0:00:06]} Bg7 {[%emt 0:00:01]} 3. Nc3 {[%emt 0:00:43]} d6 {[%emt 0:00:08]} 4. Be3 {[%emt 0:02:25]} a6 {[%emt 0:00:58]} 5. Qd2 {[%emt 0:07:45]} Nd7 {[%emt 0:01:08]} 6. Nf3 {[%emt 0:01:26]} b5 {[%emt 0:01:59]} 7. a4 {[%emt 0:14:45]} b4 {[%emt 0:01:33]} 8. Nd5 {[%emt 0:01:05]} a5 {[%emt 0:06:29]} 9. Bc4 {[%emt 0:05:56]} e6 {[%emt 0:09:37]} 10. Nf4 {[%emt 0:01:01]} Nb6 {[%emt 0:00:44]} 11. Bb3 {[%emt 0:03:46]} Nf6 {[%emt 0:03:11]} 12. e5 {[%emt 0:08:06]} Ne4 $15 {[%emt 0:07:23]} 13. Qc1 {[%emt 0:01:56]} Ba6 {[%emt 0:13:53]} 14. Nd3 {[%emt 0:06:10]} Rc8 {[%emt 0:07:48]} 15. Bh6 {[%emt 0:07:44]} Bxh6 {[%emt 0:23:56]} 16. Qxh6 {[%emt 0:00:32]} Qe7 {[%emt 0:00:02]} 17. O-O {[%emt 0:09:54]} d5 {[%emt 0:07:46]} 18. Rfe1 {[%emt 0:02:14]} Nd7 {[%emt 0:03:02]} 19. Nf4 {[%emt 0:03:37]} c6 {[%emt 0:04:37]} 20. Rxe4 {[%emt 0:04:41]} dxe4 {[%emt 0:00:02]} 21. Ng5 {[%emt 0:00:25]} c5 {[%emt 0:04:16]} 22. Nxe4 {[%emt 0:00:46]} c4 {[%emt 0:00:58]} 23. Nd6+ {[%emt 0:01:17]} Kd8 {[%emt 0:00:09]} 24. Nxc8 {[%emt 0:02:03]} Kxc8 {[%emt 0:00:01]} 25. Ba2 {[%emt 0:00:22]} Nb6 {[%emt 0:02:11]} 26. Bb1 {[%emt 0:01:45]} Bb7 {[%emt 0:02:21]} 27. c3 {[%emt 0:00:57]} b3 {[%emt 0:00:25]} 28. f3 {[%emt 0:03:45]} Qf8 {[%emt 0:03:51]} 29. Qxf8+ {[%emt 0:01:39]} Rxf8 {[%emt 0:00:01]} 30. Be4 {[%emt 0:00:22]} Kc7 {[%emt 0:02:14]} 31. Bxb7 {[%emt 0:02:17]} Kxb7 {[%emt 0:00:01]} 32. Kf2 {[%emt 0:00:29]} Kc6 {[%emt 0:00:33]} 33. Ke3 {[%emt 0:00:46]} h6 {[%emt 0:01:36]} 34. Ke4 {[%emt 0:00:13]} Rd8 {[%emt 0:00:18]} 35. h4 {[%emt 0:00:27]} Re8 {[%emt 0:00:10]} 36. Nh3 {[%emt 0:00:34]} Rg8 {[%emt 0:00:08]} 37. Nf2 {[%emt 0:00:04]} h5 {[%emt 0:00:27]} 38. Nh3 {[%emt 0:00:02]} Kd7 {[%emt 0:00:34]} 39. Ng5 {[%emt 0:00:09]} Ke7 {[%emt 0:00:04]} 40. Nh7 {[%emt 0:00:13]} Nd5 {[%emt 0:00:44]} 41. Rd1 {[%emt 0:01:18]} Rb8 {[%emt 0:00:20]} 42. Nf6 {[%emt 0:00:17]} Nxf6+ {[%emt 0:00:31]} 43. exf6+ {[%emt 0:00:01]} Kxf6 {[%emt 0:00:06]} 44. d5 {[%emt 0:00:01]} exd5+ {[%emt 0:00:24]} 45. Rxd5 {[%emt 0:00:02]} Re8+ {[%emt 0:00:11]} 46. Kd4 {[%emt 0:00:15]} Re2 {[%emt 0:00:04]} 47. g4 {[%emt 0:01:01]} hxg4 {[%emt 0:00:22]} 48. fxg4 {[%emt 0:00:02]} Rxb2 {[%emt 0:00:11]} 49. Kxc4 {[%emt 0:00:04]} Rh2 {[%emt 0:00:11]} 50. Kxb3 {[%emt 0:00:13]} Rxh4 {[%emt 0:00:08]} 51. g5+ {[%emt 0:00:02]} Ke6 {[%emt 0:00:02]} 52. Rxa5 {[%emt 0:00:01]} f5 {[%emt 0:00:18]} 53. gxf6 {[%emt 0:00:24]} Kxf6 {[%emt 0:00:02]} 54. Ra8 {[%emt 0:00:17]} g5 {[%emt 0:00:04]} 55. a5 {[%emt 0:00:05]} Rh1 {[%emt 0:00:37]} 56. Kb4 {[%emt 0:01:09]} g4 {[%emt 0:00:07]} 57. Rg8 {[%emt 0:00:03]} Kf5 {[%emt 0:00:17]} 58. a6 {[%emt 0:00:08]} Ra1 {[%emt 0:00:08]} 59. Kb5 {[%emt 0:00:02]} Ra3 {[%emt 0:00:16]} 60. c4 {[%emt 0:00:05]} Kf4 {[%emt 0:00:09]} 61. c5 {[%emt 0:00:05]} g3 {[%emt 0:00:06]} 62. c6 {[%emt 0:00:03]} Kf3 {[%emt 0:00:03]} 63. c7 {[%emt 0:00:03]} Rc3 {[%emt 0:00:01]} 64. c8=Q {[%emt 0:00:02]} 1-0

[Event "Gibraltar Challengers B 2020"]
[Site "Caleta"]
[Date "2020.01.26"]
[Round "2.6"]
[White "Stolniceanu, Victor-Dumitru"]
[Black "Galvan, Jesus"]
[Result "0-1"]
[WhiteElo "2074"]
[BlackElo "2180"]
[Annotator "ChessBase"]
[PlyCount "97"]
[EventDate "2020.01.20"]
[EventType "swiss"]
[EventCountry "GGB"]
[SourceTitle "playchess.com"]
[Source "ChessBase"]
[SourceQuality "1"]
[TimeControl "6600+10"]

1. e4 {[%emt 0:11:45]} c5 {[%emt 0:00:00]} 2. Nf3 {[%emt 0:00:21]} Nc6 {[%emt 0:00:09]} 3. Bb5 {[%emt 0:00:07]} g6 {[%emt 0:00:05]} 4. O-O {[%emt 0:00:07]} Bg7 {[%emt 0:00:02]} 5. Bxc6 {[%emt 0:00:12]} bxc6 {[%emt 0:00:02]} 6. d3 {[%emt 0:00:16]} d6 {[%emt 0:00:05]} 7. h3 {[%emt 0:00:07]} Nh6 {[%emt 0:01:30]} 8. c3 {[%emt 0:00:31]} O-O {[%emt 0:00:21]} 9. Be3 {[%emt 0:00:11]} f6 {[%emt 0:02:34]} 10. Nbd2 {[%emt 0:00:39]} Nf7 {[%emt 0:01:54]} 11. Nh2 {[%emt 0:00:16]} Ba6 {[%emt 0:01:39]} 12. Qc2 {[%emt 0:01:22]} e5 {[%emt 0:04:56]} 13. Rad1 {[%emt 0:00:33]} f5 {[%emt 0:00:01]} 14. f4 {[%emt 0:00:41]} exf4 {[%emt 0:00:43]} 15. Bxf4 {[%emt 0:00:27]} g5 {[%emt 0:02:26]} 16. Be3 {[%emt 0:00:08]} f4 {[%emt 0:01:27]} 17. Bf2 {[%emt 0:00:06]} Ne5 {[%emt 0:00:42]} 18. Ndf3 {[%emt 0:00:28]} Ng6 {[%emt 0:00:53]} 19. g4 {[%emt 0:01:44]} fxg3 {[%emt 0:01:03]} 20. Bxg3 {[%emt 0:00:08]} Nf4 {[%emt 0:00:01]} 21. Bxf4 {[%emt 0:00:15]} Rxf4 {[%emt 0:00:21]} 22. Qg2 {[%emt 0:00:36]} h6 {[%emt 0:03:16]} 23. Ng4 {[%emt 0:00:08]} Bc8 {[%emt 0:05:13]} 24. Nfh2 {[%emt 0:01:54]} Rxf1+ {[%emt 0:00:47]} 25. Rxf1 {[%emt 0:00:09]} Be6 {[%emt 0:00:39]} 26. a3 {[%emt 0:00:47]} Qe7 {[%emt 0:01:05]} 27. h4 {[%emt 0:00:37]} h5 {[%emt 0:02:53]} 28. Ne3 {[%emt 0:00:24]} g4 {[%emt 0:00:07]} 29. Nf5 {[%emt 0:00:17]} Bxf5 {[%emt 0:00:22]} 30. Rxf5 {[%emt 0:00:10]} Qxh4 {[%emt 0:01:14]} 31. Qd2 {[%emt 0:02:05]} Qg3+ {[%emt 0:33:39]} 32. Kh1 {[%emt 0:00:14]} Rf8 {[%emt 0:00:39]} 33. Rxf8+ {[%emt 0:00:38]} Kxf8 {[%emt 0:02:20]} 34. Qg5 {[%emt 0:00:08]} Qe5 {[%emt 0:19:18]} 35. Qd8+ {[%emt 0:00:13]} Kf7 {[%emt 0:00:01]} 36. Qd7+ {[%emt 0:00:46]} Kg6 {[%emt 0:00:39]} 37. Nxg4 {[%emt 0:06:11]} hxg4 {[%emt 0:00:04]} 38. Qxg4+ {[%emt 0:00:12]} Kh6 {[%emt 0:02:13]} 39. Qd7 {[%emt 0:05:26]} c4 {[%emt 0:00:44]} 40. dxc4 {[%emt 0:00:42]} Qxe4+ {[%emt 0:00:01]} 41. Kg1 {[%emt 0:01:32]} Qb1+ {[%emt 0:00:10]} 42. Kg2 {[%emt 0:00:06]} Qxb2+ {[%emt 0:00:02]} 43. Kf1 {[%emt 0:00:24]} Qc1+ {[%emt 0:00:29]} 44. Ke2 {[%emt 0:00:22]} Qc2+ {[%emt 0:00:11]} 45. Kf1 {[%emt 0:00:11]} Qd3+ {[%emt 0:00:28]} 46. Kg2 {[%emt 0:00:07]} Qe4+ {[%emt 0:00:45]} 47. Kg1 {[%emt 0:01:06]} Be5 {[%emt 0:02:38]} 48. Qe6+ {[%emt 0:00:41]} Qg6+ {[%emt 0:00:02] Qh3+ Qe4 Qd7 Kg5 Qf5+ Kh6 Qh3+ Kg5} 49. Kf1 {[%emt 0:00:03] Qf5+ Kg1 Qe4} 0-1

[Event "Gibraltar Challengers B 2020"]
[Site "Caleta"]
[Date "2020.01.26"]
[Round "2.7"]
[White "Ungureanu, Sandu"]
[Black "Ask, Josef"]
[Result "0-1"]
[WhiteElo "2066"]
[BlackElo "2174"]
[Annotator "ChessBase"]
[PlyCount "66"]
[EventDate "2020.01.20"]
[EventType "swiss"]
[EventCountry "GGB"]
[SourceTitle "playchess.com"]
[Source "ChessBase"]
[SourceQuality "1"]
[TimeControl "6600+10"]

1. d4 {[%emt 0:00:00]} Nf6 {[%emt 0:00:06]} 2. c4 {[%emt 0:00:08]} g6 {[%emt 0:00:20]} 3. Nc3 {[%emt 0:00:06]} Bg7 {[%emt 0:00:05]} 4. e4 {[%emt 0:00:06]} d6 {[%emt 0:00:09]} 5. f4 {[%emt 0:00:56]} O-O {[%emt 0:00:13]} 6. Nf3 {[%emt 0:00:03]} c5 {[%emt 0:00:24]} 7. d5 {[%emt 0:00:12]} e6 {[%emt 0:00:23]} 8. Be2 {[%emt 0:00:13]} exd5 {[%emt 0:00:29]} 9. exd5 {[%emt 0:00:21]} Re8 {[%emt 0:02:01]} 10. O-O {[%emt 0:00:41]} Bf5 {[%emt 0:02:52]} 11. Bd3 {[%emt 0:02:26]} Qd7 {[%emt 0:07:21]} 12. Qc2 {[%emt 0:00:28]} Na6 {[%emt 0:04:13]} 13. a3 {[%emt 0:01:08]} Nc7 {[%emt 0:07:36]} 14. Bxf5 {[%emt 0:04:18]} gxf5 {[%emt 0:01:59]} 15. Bd2 {[%emt 0:02:18]} Rab8 {[%emt 0:08:48]} 16. a4 {[%emt 0:01:09]} Na6 {[%emt 0:01:07]} 17. Rae1 {[%emt 0:00:08]} Nb4 {[%emt 0:00:32]} 18. Qb3 {[%emt 0:02:08]} a6 {[%emt 0:06:02]} 19. Rxe8+ {[%emt 0:01:02]} Rxe8 {[%emt 0:01:23]} 20. Re1 {[%emt 0:00:12]} h6 {[%emt 0:02:37]} 21. Ne2 {[%emt 0:02:56]} a5 {[%emt 0:01:43]} 22. Ng3 {[%emt 0:01:01]} Ne4 {[%emt 0:02:16]} 23. Bxb4 {[%emt 0:02:01]} axb4 {[%emt 0:01:16]} 24. Qc2 {[%emt 0:00:16]} Nxg3 {[%emt 0:02:58]} 25. hxg3 {[%emt 0:04:20]} Rxe1+ {[%emt 0:00:49]} 26. Nxe1 {[%emt 0:00:09]} Qe7 {[%emt 0:02:24]} 27. Nf3 {[%emt 0:11:45]} Qe4 {[%emt 0:01:04]} 28. Qxe4 {[%emt 0:01:46]} fxe4 {[%emt 0:00:06]} 29. Nd2 {[%emt 0:00:23]} e3 {[%emt 0:01:10]} 30. Ne4 {[%emt 0:02:03]} Bxb2 {[%emt 0:01:06]} 31. Nxd6 {[%emt 0:00:05]} Bc3 {[%emt 0:06:59]} 32. Kf1 {[%emt 0:05:01]} b3 {[%emt 0:00:43]} 33. Ne4 {[%emt 0:02:44]} Bb4 {[%emt 0:01:23]} 0-1

[Event "Gibraltar Challengers B 2020"]
[Site "Caleta"]
[Date "2020.01.26"]
[Round "2.8"]
[White "Zulkipli, Zaidan"]
[Black "Hamer, Martyn"]
[Result "1-0"]
[WhiteElo "2174"]
[BlackElo "2069"]
[Annotator "ChessBase"]
[PlyCount "57"]
[EventDate "2020.01.20"]
[EventType "swiss"]
[EventCountry "GGB"]
[SourceTitle "playchess.com"]
[Source "ChessBase"]
[SourceQuality "1"]
[TimeControl "6600+10"]

1. d4 {[%emt 0:00:41]} Nf6 {[%emt 0:00:00]} 2. c4 {[%emt 0:00:03]} g6 {[%emt 0:00:04]} 3. g3 {[%emt 0:00:20]} Bg7 {[%emt 0:00:08]} 4. Bg2 {[%emt 0:00:04]} O-O {[%emt 0:00:10]} 5. Nc3 {[%emt 0:00:23]} d6 {[%emt 0:00:16]} 6. Nf3 {[%emt 0:00:05]} Nc6 {[%emt 0:00:24]} 7. O-O {[%emt 0:00:06]} a6 {[%emt 0:00:14]} 8. h3 {[%emt 0:00:19]} Rb8 {[%emt 0:00:16]} 9. e4 {[%emt 0:00:12]} b5 {[%emt 0:00:52]} 10. d5 {[%emt 0:00:07]} Na5 {[%emt 0:03:18]} 11. cxb5 {[%emt 0:01:07]} axb5 {[%emt 0:00:14]} 12. b4 {[%emt 0:00:29]} Nc4 {[%emt 0:02:28]} 13. Nd4 {[%emt 0:00:10]} Bd7 {[%emt 0:01:03]} 14. a4 {[%emt 0:00:49]} bxa4 {[%emt 0:01:56]} 15. b5 {[%emt 0:00:06]} e6 {[%emt 0:04:13]} 16. Rxa4 {[%emt 0:01:46]} exd5 {[%emt 0:01:36]} 17. exd5 {[%emt 0:00:03]} Nb6 {[%emt 0:00:34]} 18. Ra7 {[%emt 0:07:46]} Ra8 {[%emt 0:04:08]} 19. Rxa8 {[%emt 0:02:03]} Qxa8 {[%emt 0:00:14]} 20. Nc6 {[%emt 0:00:15]} Re8 {[%emt 0:04:47]} 21. Be3 {[%emt 0:02:24]} Bxc6 {[%emt 0:15:48]} 22. bxc6 {[%emt 0:00:31]} Qa5 {[%emt 0:00:30]} 23. Qb3 {[%emt 0:02:26]} Na8 {[%emt 0:03:46]} 24. Bd4 {[%emt 0:01:18]} Nh5 {[%emt 0:03:53]} 25. Bxg7 {[%emt 0:01:26]} Nxg7 {[%emt 0:00:49]} 26. Ne4 {[%emt 0:00:29]} Kh8 {[%emt 0:03:49]} 27. Nf6 {[%emt 0:00:47]} Rd8 {[%emt 0:00:38]} 28. g4 {[%emt 0:03:07]} Nb6 {[%emt 0:00:48]} 29. Qe3 {[%emt 0:00:37]} 1-0

[Event "Gibraltar Challengers B 2020"]
[Site "Caleta"]
[Date "2020.01.26"]
[Round "2.9"]
[White "Lung, Liviu-Catalin"]
[Black "Mihajlov, Svetoslav"]
[Result "0-1"]
[WhiteElo "2041"]
[BlackElo "2173"]
[Annotator "ChessBase"]
[PlyCount "59"]
[EventDate "2020.01.20"]
[EventType "swiss"]
[EventCountry "GGB"]
[SourceTitle "playchess.com"]
[Source "ChessBase"]
[SourceQuality "1"]
[TimeControl "6600+10"]

1. e4 {[%emt 0:00:00]} e5 {[%emt 0:00:00]} 2. Nf3 {[%emt 0:00:00]} Nc6 {[%emt 0:00:02]} 3. Bb5 {[%emt 0:00:07]} a6 {[%emt 0:00:13]} 4. Ba4 {[%emt 0:00:03]} Nf6 {[%emt 0:00:10]} 5. d4 {[%emt 0:00:05]} Nxe4 {[%emt 0:00:27]} 6. Qe2 {[%emt 0:05:10]} Nd6 {[%emt 0:04:51]} 7. dxe5 {[%emt 0:04:00]} Nf5 {[%emt 0:00:10]} 8. Qe4 {[%emt 0:00:50]} g6 {[%emt 0:04:03]} 9. g4 {[%emt 0:03:13]} Nh4 {[%emt 0:01:20]} 10. Nc3 {[%emt 0:09:58]} Nxf3+ {[%emt 0:18:07]} 11. Qxf3 {[%emt 0:00:12]} Bg7 {[%emt 0:00:02]} 12. Bxc6 {[%emt 0:11:32]} dxc6 {[%emt 0:02:14]} 13. Bf4 {[%emt 0:00:30]} Qh4 {[%emt 0:05:00]} 14. h3 {[%emt 0:05:08]} Be6 {[%emt 0:13:44]} 15. O-O-O {[%emt 0:03:40]} O-O {[%emt 0:02:07]} 16. Qe3 {[%emt 0:01:46]} h6 {[%emt 0:06:03]} 17. g5 {[%emt 0:13:45]} Kh7 {[%emt 0:08:59]} 18. Rhg1 {[%emt 0:09:35]} Rfd8 {[%emt 0:06:45]} 19. Rxd8 {[%emt 0:02:36]} Rxd8 {[%emt 0:00:05]} 20. Ne4 {[%emt 0:00:18]} h5 {[%emt 0:06:55]} 21. Rh1 {[%emt 0:04:52]} Bd5 {[%emt 0:04:00]} 22. Rd1 {[%emt 0:02:04]} Re8 {[%emt 0:05:28]} 23. Nc5 {[%emt 0:04:05]} f6 {[%emt 0:03:53]} 24. c4 {[%emt 0:10:06]} fxg5 {[%emt 0:00:14]} 25. cxd5 {[%emt 0:04:53]} gxf4 {[%emt 0:00:11]} 26. Qd3 {[%emt 0:00:42]} Rxe5 {[%emt 0:00:16]} 27. Rg1 {[%emt 0:00:37]} Rg5 {[%emt 0:03:35]} 28. Rxg5 {[%emt 0:01:49]} Qxg5 {[%emt 0:00:07]} 29. Ne4 {[%emt 0:00:12]} Qxd5 {[%emt 0:02:04]} 30. f3 {[%emt 0:00:37]} 0-1

[Event "Gibraltar Challengers B 2020"]
[Site "Caleta"]
[Date "2020.01.26"]
[Round "2.10"]
[White "Hristodorescu, Daniel"]
[Black "Karlsson, Jorgen"]
[Result "1-0"]
[WhiteElo "2172"]
[BlackElo "2054"]
[Annotator "NA"]
[PlyCount "103"]
[EventDate "2020.01.20"]
[EventType "swiss"]
[EventCountry "GGB"]
[SourceTitle "playchess.com"]
[Source "ChessBase"]
[SourceQuality "1"]
[TimeControl "6600+10"]

1. e4 {[%emt 0:00:00]} g6 {[%emt 0:00:00]} 2. d4 {[%emt 0:00:05]} Bg7 {[%emt 0:00:00]} 3. Nc3 {[%emt 0:00:07]} d6 {[%emt 0:00:03]} 4. Bg5 {[%emt 0:00:17]} h6 {[%emt 0:00:17]} 5. Bh4 {[%emt 0:00:13]} Nd7 {[%emt 0:01:17]} (5... c6 6. Qd2 b5 7. f4 b4 8. Nd1 Nf6 9. Nf2 O-O 10. Qxb4 c5 11. dxc5 Na6 12. Bxa6 Bxa6 13. cxd6 {½-½ (94) Khusnutdinov,R (2491)-Golubov,S (2469) Moscow 2019}) 6. f4 {[%emt 0:01:39] B06: Modern Defence} c5 {[%emt 0:00:35]} 7. d5 {[%emt 0:00:48]} ({Better is} 7. Bf2 $11) 7... Qa5 {[%emt 0:01:00]} 8. Qd2 {[%emt 0:02:05]} (8. Qd3 $11) 8... a6 {[%emt 0:00:19]} (8... Bxc3 $5 9. Qxc3 Qxc3+ 10. bxc3 Ngf6 $15) 9. Nf3 {[%emt 0:02:21]} b5 {[%emt 0:00:13]} 10. Be2 {[%emt 0:00:18]} Bb7 $146 {[%emt 0:02:17]} (10... g5 $11 11. fxg5 hxg5 12. Bxg5 Ngf6) ({Predecessor:} 10... Bxc3 11. Qxc3 Qxc3+ 12. bxc3 Ngf6 13. Nd2 {1-0 (34) Urkedal,F (2316)-Filipovic,S (2230) Kallithea 2008}) 11. O-O {[%emt 0:00:49]} Ngf6 {[%emt 0:00:44]} 12. a3 {[%emt 0:02:57]} Qc7 {[%emt 0:01:47]} 13. Bd3 {[%emt 0:05:36]} (13. e5 $1 $14) 13... Nb6 {[%emt 0:03:18]} 14. Rfe1 {[%emt 0:01:33]} O-O {[%emt 0:01:07]} 15. Rad1 {[%emt 0:02:31]} Rac8 {[%emt 0:08:01]} 16. h3 {[%emt 0:03:43]} Rfe8 {[%emt 0:05:34]} 17. g4 {[%emt 0:02:41]} b4 {[%emt 0:02:55]} 18. axb4 {[%emt 0:01:55]} cxb4 {[%emt 0:00:06]} 19. Ne2 {[%emt 0:00:25]} a5 {[%emt 0:01:32]} 20. Ned4 {[%emt 0:02:56]} Nc4 {[%emt 0:00:31]} 21. Qc1 {[%emt 0:00:13]} Nd7 {[%emt 0:05:47]} 22. Bf2 {[%emt 0:04:31]} Qb8 {[%emt 0:07:38]} 23. Qa1 {[%emt 0:04:34]} Ndb6 {[%emt 0:02:25]} (23... Qa8 $1 $11) 24. Qa2 {[%emt 0:08:42]} a4 {[%emt 0:03:12]} 25. b3 $11 {[%emt 0:02:11]} Na3 {[%emt 0:11:23]} 26. Nb5 {[%emt 0:01:17]} Nxd5 {[%emt 0:01:26]} 27. exd5 {[%emt 0:03:24]} Bxd5 {[%emt 0:00:21]} 28. Nfd4 {[%emt 0:02:55]} axb3 {[%emt 0:07:04]} 29. cxb3 {[%emt 0:00:29]} e5 {[%emt 0:00:34]} 30. Nxa3 {[%emt 0:00:59]} bxa3 {[%emt 0:00:15]} 31. Nb5 {[%emt 0:00:36]} exf4 {[%emt 0:03:01]} 32. Rxe8+ {[%emt 0:02:59]} Rxe8 {[%emt 0:00:08]} 33. Qxa3 {[%emt 0:01:32]} Be5 {[%emt 0:01:43]} 34. Bc4 {[%emt 0:02:47]} Bf3 {[%emt 0:00:07]} 35. Rd2 {[%emt 0:05:29]} h5 {[%emt 0:07:23]} 36. Nxd6 {[%emt 0:01:01]} hxg4 {[%emt 0:01:27]} 37. hxg4 {[%emt 0:00:49]} Rd8 {[%emt 0:01:53]} 38. Nxf7 {[%emt 0:01:05]} Rxd2 {[%emt 0:01:15]} 39. Nxe5+ {[%emt 0:00:06]} Bd5 {[%emt 0:00:48]} 40. Qc1 {[%emt 0:18:17]} Rxf2 {[%emt 0:06:37]} 41. Bxd5+ {[%emt 0:00:10]} Kh7 {[%emt 0:00:21]} 42. Kxf2 {[%emt 0:02:50]} Qxe5 {[%emt 0:00:05]} 43. Qh1+ {[%emt 0:01:49]} Kg7 {[%emt 0:00:17]} 44. Qe4 {[%emt 0:00:20]} Qb2+ {[%emt 0:00:46]} 45. Kf3 {[%emt 0:00:21]} Qc3+ {[%emt 0:00:05]} 46. Ke2 {[%emt 0:00:54]} Qc1 {[%emt 0:05:01]} 47. Qe7+ {[%emt 0:00:57]} Kh6 {[%emt 0:00:32]} 48. g5+ {[%emt 0:02:40]} Kh5 {[%emt 0:00:05]} 49. Kf2 {[%emt 0:01:28]} Qd2+ {[%emt 0:00:18]} 50. Qe2+ {[%emt 0:00:06]} Qxe2+ {[%emt 0:00:23]} 51. Kxe2 {[%emt 0:00:02]} Kxg5 {[%emt 0:00:26]} 52. b4 {[%emt 0:00:11]} 1-0